000
00308nam a22001457a 4500
008
230925b ||||| |||| 00| 0 eng d
020
_a
0716734834
041
_a
eng
080
_a
521
082
_a
521LEV
100
_a
19
101
_a
ASTRO
245
_a
EVOLUTIONARY WARS
_c
LEVY.K.CH
942
_2
udc
_c
BK
999
_c
60394
_d
60394